LEADER 00872nam0-22003131i-450- 001 990007480490403321 005 20070626085847.0 035 $a000748049 035 $aFED01000748049 035 $a(Aleph)000748049FED01 035 $a000748049 100 $a20030814d1998----km-y0itay50------ba 101 0 $aita 102 $aIT 105 $aa-------001yy 200 1 $aMambo cocktail$fdi P. Pietri$gA. Webb 210 $aMilano$cs. e.$d1998 215 $a[8 p.]$cill.$d28 cm 300 $aEstr. da: D : la Repubblica delle donne, 29 giugno 1998 610 0 $aAntille$aPuerto Rico 700 1$aPietri,$bPedro$0270136 701 1$aWebb,$bAlex$f<1952- >$0270137 801 0$aIT$bUNINA$gRICA$2UNIMARC 901 $aBK 912 $a990007480490403321 952 $aMISC.P-0094$bI.G.s.i.$fILFGE 959 $aILFGE 996 $aMambo cocktail$9675040 997 $aUNINA